000 00387nam a2200181Ia 4500
001 13457
003 GE_BSU
008 181216s||||||||xx |||||||||||||| ||und||
040 _cGE_BSU
080 _a821.111(038)
245 _aNew School dictionary
260 _aLondon
260 _bCollins
260 _c1999
300 _a854p.17cm.
653 _aNew School dictionary
942 _cBK
999 _c46617
_d46617